Loading...
| Science - Physics | 0 | 7 | 0 | 1 | 70 | 51 | 84.43 | 1 | 3 | 0.00 | 0.00 |
| Fine Arts - Visual | 0 | 6 | 0 | 2 | 60 | 78 | 111.00 | 1 | 2 | 0.00 | 0.00 |
| Literature - British | 0 | 6 | 0 | 0 | 60 | 48 | 95.33 | 2 | 6 | 0.00 | 0.00 |
| History - Other | 0 | 6 | 1 | 1 | 55 | 64 | 92.83 | 0 | 3 | 0.00 | 0.00 |
| Science - Other | 0 | 5 | 0 | 0 | 50 | 79 | 84.60 | 2 | 3 | 0.00 | 0.00 |
| Literature - American | 0 | 5 | 0 | 2 | 50 | 99 | 112.80 | 0 | 2 | 0.00 | 0.00 |
| Literature - European | 0 | 5 | 1 | 1 | 45 | 61 | 97.80 | 0 | 3 | 0.00 | 0.00 |
| History - World | 0 | 5 | 1 | 0 | 45 | 27 | 64.40 | 1 | 4 | 0.00 | 0.00 |
| History - American | 0 | 5 | 2 | 1 | 40 | 58 | 87.80 | 1 | 3 | 0.00 | 0.00 |
| Social Science | 0 | 3 | 0 | 1 | 30 | 64 | 90.33 | 1 | 2 | 0.00 | 0.00 |
| Fine Arts - Classical Music | 0 | 3 | 1 | 0 | 25 | 77 | 102.33 | 0 | 2 | 0.00 | 0.00 |
| History - European | 0 | 3 | 1 | 0 | 25 | 110 | 119.67 | 0 | 1 | 0.00 | 0.00 |
| Philosophy | 0 | 3 | 2 | 0 | 20 | 60 | 99.33 | 1 | 3 | 0.00 | 0.00 |
| Literature - World/Other | 0 | 3 | 2 | 1 | 20 | 57 | 107.67 | 0 | 0 | 0.00 | 0.00 |
| Mythology | 0 | 2 | 1 | 0 | 15 | 53 | 71.50 | 0 | 1 | 0.00 | 0.00 |
| Science - Biology | 0 | 2 | 1 | 0 | 15 | 39 | 41.50 | 1 | 2 | 0.00 | 0.00 |
| Geography/Current Events | 0 | 2 | 1 | 1 | 15 | 91 | 112.00 | 1 | 1 | 0.00 | 0.00 |
| Fine Arts - Other | 0 | 1 | 0 | 0 | 10 | 105 | 105.00 | 0 | 0 | 0.00 | 0.00 |
| Science - Chemistry | 0 | 2 | 2 | 0 | 10 | 64 | 67.50 | 1 | 2 | 0.00 | 0.00 |
| Pop Culture | 0 | 1 | 0 | 0 | 10 | 85 | 85.00 | 0 | 0 | 0.00 | 0.00 |
| Religion | 0 | 1 | 1 | 0 | 5 | 98 | 98.00 | 0 | 0 | 0.00 | 0.00 |
| Other Academic | 0 | 0 | 0 | 0 | 0 | 0.00 | 0 | 0 | 0.00 | 0.00 |